La organización científica del trabajo en Europa / (Record no. 150681)

MARC details
000 -LEADER
campo de control de longitud fija 00956nam a2200241 i 4500
001 - NÚMERO DE CONTROL
campo de control 150681
003 - IDENTIFICADOR DE NÚMERO DE CONTROL
campo de control ES-MaACL
005 - FECHA Y HORA DE LA ÚLTIMA TRANSACCIÓN
campo de control 20250826083352.0
007 - CAMPO FIJO DE DESCRIPCIÓN FÍSICA--INFORMACIÓN GENERAL
campo de control de longitud fija t|
008 - DATOS DE LONGITUD FIJA--INFORMACIÓN GENERAL
campo de control de longitud fija 071105s1928 sp ||||1| spa d
100 1# - ENTRADA PRINCIPAL--NOMBRE DE PERSONA
Nombre de persona Devinat, Paul.
9 (RLIN) 44011
245 13 - MENCIÓN DEL TÍTULO
Título La organización científica del trabajo en Europa /
Mención de responsabilidad, etc. por Pablo Devinat ; traducida del francés por Antonio Atienza de la Rosa ; [prólogo escrito para la edición española por Albert Thomas].
260 ## - PUBLICACIÓN, DISTRIBUCIÓN, ETC.
Lugar de publicación, distribución, etc. Madrid :
Nombre del editor, distribuidor, etc. Aguilar,
Fecha de publicación, distribución, etc. [1928?] (
Fabricante Yagües)
300 ## - DESCRIPCIÓN FÍSICA
Extensión 462 p. ;
Dimensiones 19 cm.
490 1# - MENCIÓN DE SERIE
Mención de serie Publicaciones de la Oficina Internacional del Trabajo
650 #4 - PUNTO DE ACCESO ADICIONAL DE MATERIA--TÉRMINO DE MATERIA
Término de materia o nombre geográfico como elemento de entrada Organización del trabajo-
Subdivisión geográfica Europa.
9 (RLIN) 174273
700 1# - ENTRADA AGREGADA--NOMBRE PERSONAL
Nombre de persona Atienza de la Rosa, Antonio.
9 (RLIN) 23741
700 1# - ENTRADA AGREGADA--NOMBRE PERSONAL
Nombre de persona Thomas, Albert.
9 (RLIN) 109994
710 1# - ENTRADA AGREGADA--NOMBRE DE ENTIDAD CORPORATIVA
Nombre de entidad corporativa o nombre de jurisdicción como elemento de entrada Oficina Internacional del Trabajo
9 (RLIN) 6023
830 1# - PUNTO DE ACCESO ADICIONAL DE SERIE-TÍTULO UNIFORME
Título uniforme Publicaciones de la Oficina Internacional del Trabajo
9 (RLIN) 187609
852 4# - LOCALIZACIÓN
Ubicación ES-MaACL
Número de control de estantería A-1240
Holdings
Estatus retirado Estado de pérdida Estado de daño No para préstamo Biblioteca de origen Biblioteca actual Ubicación en estantería Fecha de adquisición Fuente de adquisición Total de préstamos Signatura topográfica completa Código de barras Visto por última vez Precio de reemplazo Tipo de ítem Koha
        Biblioteca del Ateneo de Madrid Biblioteca del Ateneo de Madrid Sala Pecera Planta 1 17/01/2008     A-1240 1157228 23/02/2023 23/02/2023 Libro impreso